Random Countries Anagrams - Statistics

General Stats
  • This quiz has been taken 13 times
  • The average score is 12 of 15
Answer Stats
Hint Answer % Correct
Racfen France
100%
Xiemco Mexico
100%
Waanrd Rwanda
100%
Npias Spain
100%
Trocaai Croatia
89%
Eirbsa Serbia
89%
Ksovlaai Slovakia
89%
Libiova Bolivia
78%
Jiotudib Djibouti
78%
Nagyua Guyana
78%
Ogenmtnero Montenegro
78%
Gensale Senegal
78%
Tulaeaagm Guatemala
67%
Rusnhoda Honduras
67%
Gnteinara Argentina
56%
No matching quizzes found
Score Distribution
Percent of People with Each Score
Percentile by Number Answered
Your Score History
You have not taken this quiz